000 00646nam a2200193Ii 4500
003 JO-AjNU
008 230605s9999||||xx |||||||||||||| ||und||
040 _aJO-AjNU
_bara
_erda
_cJO-AjNU
041 _aara
050 1 4 _aPJ7808 1990
100 3 _aتأليف عقل،عبد اللطيف,
_eauthor
_948766
245 0 0 _aقصائد عن حب لا يعرف الرحمة
264 3 1 _aعمان:مكتبة برهومة،1990
300 _a145ص
336 _atext
_btxt
_2rdacontent
337 _aunmediated
_bn
_2rdamedia
338 _avolume
_bnc
_2rdacarrier
650 4 _aالشعر العربي - القرن العشرين - فلسطين
_948767
999 _aA21378
_c24946
_d24946